HANDBOOK ON PROJECT MANAGEMENT AND SCHED (Record no. 31141)

MARC details
000 -LEADER
fixed length control field 00346nam a2200133Ia 4500
008 - FIXED-LENGTH DATA ELEMENTS--GENERAL INFORMATION
fixed length control field 240624s9999 xx 000 0 und d
041 ## - LANGUAGE CODE
Language code of text/sound track or separate title eng
082 ## - DEWEY DECIMAL CLASSIFICATION NUMBER
Classification number 658.404 SCH
100 ## - MAIN ENTRY--PERSONAL NAME
Personal name SCHWINDT CHRISTOPH
245 ## - TITLE STATEMENT
Title HANDBOOK ON PROJECT MANAGEMENT AND SCHED
260 ## - PUBLICATION, DISTRIBUTION, ETC.
Date of publication, distribution, etc. 2015
Place of publication, distribution, etc. London
Name of publisher, distributor, etc. Springer
300 ## - PHYSICAL DESCRIPTION
Extent l, 1406 p.; 23 cm.
365 ## - TRADE PRICE
Currency code ERU
Price amount 30
Holdings
Withdrawn status Lost status Damaged status Not for loan Home library Current library Shelving location Date acquired Full call number Barcode Date last seen Copy number Price effective from Koha item type
        IMTN IMTN Rack 30-A 09/06/2018 658.404 SCH 31141 06/24/2024 82.7 06/24/2024 Books
Designed & Maintained by: LRC IMT Nagpur Contact: lrc@imtnag.ac.in© 2024. All Rights Reserved.